| 000 | 01049cab a2200301 4500 | ||
|---|---|---|---|
| 001 | ABS49094 | ||
| 008 | 090401t1993 xxu||||| |||| 00| 0 eng d | ||
| 035 | _a(Sirsi) u69929 | ||
| 041 | _aeng | ||
| 100 | _aCorbett, E. | ||
| 245 | _aFIDIC 5th or a new style Red Book? | ||
| 260 | _c1993 | ||
| 350 | _a0 | ||
| 490 |
_aInternational Construction Law Review _v10(3) July 1993, 288-293(3) |
||
| 520 | _aExamines the proposed changes to FIDIC`s "Conditions of contract for works of civil engineering construction" (4th edition) discussing the format these changes should take. | ||
| 650 | _aFIDIC CONDITIONS OF CONTRACT FOR WORKS OF CIVIL ENGINEERING CONSTRUCTION FOURTH EDITION | ||
| 650 | _aFIDIC | ||
| 650 | _aICE | ||
| 650 | _aINSTITUTION OF CIVIL ENGINEERS | ||
| 650 | _aNEC | ||
| 650 | _aNEW ENGINEERING CONTRACT | ||
| 650 | _aRICS APPRAISAL AND VALUATION MANUAL | ||
| 650 | _aSTANDARD BIDDING DOCUMENTS | ||
| 650 | _aWORLD BANK | ||
| 690 | _aBUILT ENVIRONMENT-BUILDING CONTRACT FORMS | ||
| 942 | _n0 | ||
| 948 | _c04/03/1997 | ||
| 999 |
_c43978 _d43978 |
||